| 000 | 00391nam a22001697a 4500 | ||
|---|---|---|---|
| 003 | OSt | ||
| 005 | 20210924112150.0 | ||
| 008 | 210924b |||||||| |||| 00| 0 eng d | ||
| 020 | _a0805826033 | ||
| 040 | _cHU | ||
| 082 | _a153.15/GAR | ||
| 100 |
_aR.AIIEN GARDNER _97061 |
||
| 245 | _aTHE STRUCTURE OF LEARNING | ||
| 260 |
_aAMERICA _bLEA _c1998 |
||
| 300 | _a361P | ||
| 942 |
_2ddc _cBOOKS _n0 |
||
| 999 |
_c6718 _d6718 |
||